[Event "Montigny le Bretonneux op 25th"]
[Site "Montigny le Bretonneux"]
[Date "2023.05.21"]
[Round "7"]
[White "El Yaalaoui, Adam"]
[Black "Garabedian, Christophe"]
[Result "1-0"]
[WhiteElo "1199"]
[BlackElo "1199"]
[PlyCount "59"]
[EventDate "2023.05.18"]
[EventType "swiss"]
[EventRounds "9"]
[EventCountry "FRA"]
[SourceTitle "CBM 214 Extra"]
[Source "ChessBase"]
[SourceDate "2023.07.31"]
[SourceVersion "1"]
[SourceVersionDate "2023.07.31"]
[SourceQuality "1"]

1. e4 e5 2. f4 Nc6 3. Nf3 d6 4. Bb5 Bd7 5. 0-0 Be7 6. d3 Nh6 7. Bxc6 Bxc6 8. fxe5 f5 9. exf6 Bxf6 10. e5 dxe5 11. Nxe5 Qd4+ 12. Kh1 Bxe5 13. Bxh6 gxh6 14. c3 Bxg2+ 15. Kxg2 Rg8+ 16. Kf3 Qg4+ 17. Ke3 Qh3+ 18. Qf3 Bf4+ 19. Ke2 Rg2+ 20. Rf2 Qxf3+ 21. Kxf3 Rxf2+ 22. Kxf2 Bxh2 23. Nd2 Kd7 24. Ne4 Rf8+ 25. Kg2 Bd6 26. Rh1 Bf4 27. Rh4 Rg8+ 28. Kh3 Ke6 29. Rxf4 Ke5 30. Rf7 1-0

[Event "Montigny le Bretonneux op 25th"]
[Site "Montigny le Bretonneux"]
[Date "2023.05.21"]
[Round "8"]
[White "Hedjazian, Farhad"]
[Black "El Yaalaoui, Adam"]
[Result "0-1"]
[WhiteElo "1518"]
[BlackElo "1199"]
[PlyCount "82"]
[EventDate "2023.05.18"]
[EventType "swiss"]
[EventRounds "9"]
[EventCountry "FRA"]
[SourceTitle "CBM 214 Extra"]
[Source "ChessBase"]
[SourceDate "2023.07.31"]
[SourceVersion "1"]
[SourceVersionDate "2023.07.31"]
[SourceQuality "1"]

1. d4 Nf6 2. Nf3 g6 3. Bf4 d6 4. e3 Bg7 5. c4 Nbd7 6. Be2 0-0 7. Nc3 c5 8. d5 a6 9. 0-0 Rb8 10. a4 Qa5 11. Qc2 Qc7 12. e4 Nh5 13. Bg5 Ne5 14. Nxe5 Bxe5 15. Bxh5 gxh5 16. f4 Bg7 17. Qf2 Bd4 18. f5 Bxf2+ 19. Rxf2 f6 20. Bh6 Re8 21. Rf3 Kf7 22. Ne2 Rg8 23. Raf1 Bd7 24. Nf4 Rg7 25. Nxh5 Rg4 26. Nf4 Rh4 27. Ne6 Qa5 28. Rg3 Rg8 29. b4 Qxb4 30. Nd8+ Rxd8 31. Rg7+ Ke8 32. Rg8+ Kf7 33. Rg7+ Kf8 34. Rxh7+ Rxh6 35. Rxh6 Kg7 36. Rg6+ Kf7 37. Rg4 Qxc4 38. Rgf4 Qc2 39. R1f2 Qxa4 40. e5 Qa1+ 41. Rf1 Qxe5 0-1

[Event "Montigny le Bretonneux op 25th"]
[Site "Montigny le Bretonneux"]
[Date "2023.05.20"]
[Round "5"]
[White "El Yaalaoui, Adam"]
[Black "Orfila, Leila"]
[Result "1-0"]
[WhiteElo "1199"]
[BlackElo "1009"]
[PlyCount "57"]
[EventDate "2023.05.18"]
[EventType "swiss"]
[EventRounds "9"]
[EventCountry "FRA"]
[SourceTitle "CBM 214 Extra"]
[Source "ChessBase"]
[SourceDate "2023.07.31"]
[SourceVersion "1"]
[SourceVersionDate "2023.07.31"]
[SourceQuality "1"]

1. e4 e5 2. f4 Nf6 3. Nc3 Nc6 4. Nf3 Bc5 5. fxe5 Ng4 6. h3 Nf2 7. Qe2 Nxh1 8. d4 Bb4 9. Bd2 Ng3 10. Qc4 Nxf1 11. Ng5 0-0 12. Qxf1 Nxd4 13. 0-0-0 Bxc3 14. bxc3 Nb5 15. Qxb5 c6 16. Qe2 d5 17. exd5 cxd5 18. c4 b5 19. cxd5 Rb8 20. Bf4 b4 21. e6 fxe6 22. Bxb8 a5 23. dxe6 Qf6 24. e7 Re8 25. Rd8 Rxd8 26. e8Q+ Rxe8 27. Qxe8+ Qf8 28. Qxf8+ Kxf8 29. Kb2 1-0

[Event "Montigny le Bretonneux op 25th"]
[Site "Montigny le Bretonneux"]
[Date "2023.05.18"]
[Round "2"]
[White "El Yaalaoui, Adam"]
[Black "Suffert, Martin"]
[Result "0-1"]
[WhiteElo "1199"]
[BlackElo "1368"]
[PlyCount "55"]
[EventDate "2023.05.18"]
[EventType "swiss"]
[EventRounds "9"]
[EventCountry "FRA"]
[SourceTitle "CBM 214 Extra"]
[Source "ChessBase"]
[SourceDate "2023.07.31"]
[SourceVersion "1"]
[SourceVersionDate "2023.07.31"]
[SourceQuality "1"]

1. e4 d5 2. exd5 Qxd5 3. Nc3 Qa5 4. Bc4 Nf6 5. Nf3 Bg4 6. 0-0 e6 7. h3 Bh5 8. Be2 Be7 9. d4 c6 10. Re1 0-0 11. Bf4 Nbd7 12. Ne5 Bxe2 13. Rxe2 Qd8 14. Qd2 Nd5 15. Nxd5 cxd5 16. Rae1 Nf6 17. Re3 Re8 18. Bg5 Qb6 19. Bxf6 Bxf6 20. Rg3 Bh4 21. Rb3 Qa6 22. Qf4 Bf6 23. Rg3 Kf8 24. Rge3 Re7 25. h4 Qxa2 26. Rh3 Qxb2 27. g4 Bxe5 28. Rxe5 0-1